[Event "Agios Nikolaos op 3rd"]
[Site "Agios Ioannis"]
[Date "2019.09.02"]
[Round "9"]
[White "Kozyri, Aikaterini"]
[Black "Moulianitakis, Nikolaos"]
[Result "1-0"]
[WhiteElo "1035"]
[BlackElo "1056"]
[PlyCount "87"]
[EventDate "2019.08.26"]
[EventType "swiss"]
[EventRounds "9"]
[EventCountry "GRE"]
[SourceTitle "EXT 2020"]
[Source "ChessBase"]
[SourceDate "2019.10.17"]
[SourceVersion "1"]
[SourceVersionDate "2019.10.17"]
[SourceQuality "1"]

1. e4 e6 2. d4 d5 3. Nc3 Bb4 4. exd5 Bxc3+ 5. bxc3 exd5 6. c4 c6 7. Nf3 Nf6 8. cxd5 cxd5 9. Be2 0-0 10. 0-0 Be6 11. Bf4 Nbd7 12. Ne5 Nxe5 13. Bxe5 Nd7 14. Bd6 Re8 15. Bf3 Nb6 16. Be5 Nc4 17. Bf4 Qf6 18. Bg3 b5 19. a4 a6 20. c3 Rec8 21. Re1 Na5 22. axb5 axb5 23. Re5 Nc4 24. Rxa8 Rxa8 25. Bxd5 Bxd5 26. Rxd5 Qc6 27. Rc5 Qa6 28. h4 Nb2 29. Qg4 h6 30. d5 Re8 31. d6 Re1+ 32. Kh2 Qa1 33. Kh3 Rh1+ 34. Bh2 Qg1 35. Qg3 Nd1 36. Rf5 Nxc3 37. d7 Qd1 38. Qb8+ Kh7 39. d8Q Qxd8 40. Qxd8 b4 41. Rxf7 b3 42. Qf6 Rxh2+ 43. Kxh2 Ne4 44. Qxg7# 1-0

[Event "Agios Nikolaos op 3rd"]
[Site "Agios Ioannis"]
[Date "2019.08.30"]
[Round "6"]
[White "Kozyris, Ilias"]
[Black "Moulianitakis, Nikolaos"]
[Result "1-0"]
[WhiteElo "1684"]
[BlackElo "1056"]
[PlyCount "69"]
[EventDate "2019.08.26"]
[EventType "swiss"]
[EventRounds "9"]
[EventCountry "GRE"]
[SourceTitle "EXT 2020"]
[Source "ChessBase"]
[SourceDate "2019.10.17"]
[SourceVersion "1"]
[SourceVersionDate "2019.10.17"]
[SourceQuality "1"]

1. e4 e5 2. Nf3 Nc6 3. Bc4 Bc5 4. 0-0 Nf6 5. d4 Bxd4 6. Nxd4 exd4 7. e5 Nxe5 8. Re1 d6 9. f4 Qe7 10. fxe5 dxe5 11. Bg5 Qc5 12. Bd3 Nd7 13. Nd2 f6 14. Qh5+ Kf8 15. Ne4 Qe7 16. Rf1 Qf7 17. Qh4 Qe6 18. Nxf6 Nxf6 19. Bxf6 Ke8 20. Bg6+ hxg6 21. Qxh8+ Kd7 22. Qxg7+ Kd6 23. Bd8 Qd7 24. Qxg6+ Kd5 25. c4+ Kc5 26. b4+ Kxc4 27. Rfc1+ Kb5 28. a4+ Kxb4 29. Qb1+ Ka5 30. Rc5+ Ka6 31. Qd3+ b5 32. Rxb5 Qc6 33. Rc5+ Qb5 34. Rc6+ Ka5 35. Qxb5# 1-0

[Event "Agios Nikolaos op 3rd"]
[Site "Agios Ioannis"]
[Date "2019.08.29"]
[Round "5"]
[White "Moulianitakis, Nikolaos"]
[Black "Koutsourakis, Ioannis"]
[Result "0-1"]
[WhiteElo "1056"]
[BlackElo "1810"]
[PlyCount "64"]
[EventDate "2019.08.26"]
[EventType "swiss"]
[EventRounds "9"]
[EventCountry "GRE"]
[SourceTitle "EXT 2020"]
[Source "ChessBase"]
[SourceDate "2019.10.17"]
[SourceVersion "1"]
[SourceVersionDate "2019.10.17"]
[SourceQuality "1"]

1. e4 e5 2. Nf3 Nc6 3. Bc4 Bc5 4. c3 Nf6 5. d4 exd4 6. cxd4 Bb4+ 7. Bd2 Nxe4 8. Bxb4 Nxb4 9. Bxf7+ Kxf7 10. Qb3+ d5 11. Qxb4 Re8 12. Ne5+ Kg8 13. 0-0 c5 14. Qa4 b6 15. Nc3 Bb7 16. f3 Nd6 17. dxc5 bxc5 18. Qd7 Rxe5 19. Qxd8+ Rxd8 20. Na4 d4 21. Rfe1 Rde8 22. Rxe5 Rxe5 23. b3 c4 24. bxc4 Nxc4 25. Rc1 Ba6 26. Rc2 d3 27. Rc1 d2 28. Rf1 Ne3 29. Nc3 Nxf1 30. Nd1 Re1 31. Nc3 Ng3+ 32. Kf2 Nh1# 0-1

[Event "Agios Nikolaos op 3rd"]
[Site "Agios Ioannis"]
[Date "2019.08.28"]
[Round "4"]
[White "Levin, Evgeny A"]
[Black "Moulianitakis, Nikolaos"]
[Result "1-0"]
[WhiteElo "2502"]
[BlackElo "1056"]
[PlyCount "89"]
[EventDate "2019.08.26"]
[EventType "swiss"]
[EventRounds "9"]
[EventCountry "GRE"]
[SourceTitle "EXT 2020"]
[Source "ChessBase"]
[SourceDate "2019.10.17"]
[SourceVersion "1"]
[SourceVersionDate "2019.10.17"]
[SourceQuality "1"]

1. Nf3 d5 2. g3 Nc6 3. Bg2 Nf6 4. d4 g6 5. 0-0 Bg7 6. b3 b6 7. Bb2 0-0 8. c4 e6 9. Nc3 Ne7 10. cxd5 exd5 11. Rc1 c6 12. Ne5 Nd7 13. Nf3 Nf6 14. e3 Bf5 15. Ne2 Ne4 16. Nf4 Rc8 17. Qe2 b5 18. Ne5 f6 19. Ned3 Rc7 20. f3 Nd6 21. e4 dxe4 22. fxe4 Bd7 23. e5 fxe5 24. dxe5 Ndf5 25. Nc5 Qb8 26. Nfe6 Bxe6 27. Nxe6 Re8 28. Nxc7 Qxc7 29. Qxb5 Qb6+ 30. Qxb6 axb6 31. Bxc6 Nxc6 32. Rxc6 Rb8 33. Rfc1 Ne7 34. Rc7 Bf8 35. Ba3 Nd5 36. Rc8 Rxc8 37. Rxc8 Kg7 38. Rxf8 Nc7 39. Rf6 Nd5 40. Bf8+ Kg8 41. Rf3 Nc7 42. Bh6 Ne6 43. Rf6 Ng7 44. e6 Kh8 45. Rf8# 1-0